000 00823nam a2200301 a 4500
003 AR-BaBNM
005 20251128202831.0
008 082120s2002 ||||||||||||||000 | spa||
040 _cAR-BaBNM
100 1 _aRequeni, Antonio
245 0 0 _aCronicón de las peñas de Buenos Aires
250 _a1ª ed.
260 _aBuenos Aires
_bFundación Banco de Bostón
_c1984
300 _a174 p.
_bláms.
500 _aContiene prólogo en p. 9
650 4 _aLITERATURA ARGENTINA
650 4 _aVIDA LITERARIA
650 4 _aANALISIS LITERARIO
650 4 _aESCRITORES
650 4 _aPERIODISTAS
651 4 _aBuenos Aires [Capital Federal]
653 _aVANGUARDIAS LITERARIAS
653 _aREVISTAS LITERARIAS
655 _aLITERATURA
700 1 _aPortella, Benito
_eprologuista
942 _cBK
998 _cisola
999 _c802
_d802